000 00364nam a2200145Ia 4500
008 230312s9999||||xx |||||||||||||| ||und||
020 _a0789754533
082 _a005.46
_bEDW-E
100 _aWeverka,Peter
245 0 _aWindows 10 for seniors for dummies
260 _bPearson
_aUSA
_c2016
300 _a481
650 _aComputer
_vOperating Systems
942 _cBK
999 _c16542
_d16542